[Event "28. Obert La Pobla de Lillet"]
[Site "La Pobla de Lillet ESP"]
[Date "2018.08.09"]
[Round "9.9"]
[White "Garcia Escoda, Marc"]
[Black "Ayza Ballester, Jordi"]
[Result "1-0"]
[WhiteElo "1861"]
[BlackElo "2198"]
[PlyCount "73"]
[EventDate "2018.08.01"]
[EventType "swiss"]
[EventRounds "9"]
[EventCountry "ESP"]
[SourceTitle "Ajedrez en Madrid"]
[Source "lmi"]
[SourceDate "2018.08.01"]
[SourceVersion "1"]
[SourceVersionDate "2019.06.15"]
[SourceQuality "1"]

1. c4 c5 2. Nc3 Nc6 3. Nf3 g6 4. e3 Nf6 5. d4 Bg7 6. d5 Nb4 7. a3 Na6 8. e4 d6
9. Be2 Nc7 10. Rb1 e6 11. O-O exd5 12. cxd5 O-O 13. b4 b6 14. bxc5 bxc5 15. Nd2
Re8 16. Re1 Qe7 17. Qc2 Ng4 18. Bxg4 Bxg4 19. Bb2 Rab8 20. Nc4 Bc8 21. Na5 Qh4
22. Nc6 Ra8 23. Na4 Bxb2 24. Nxb2 Ba6 25. Nc4 Qf6 26. Re3 Bxc4 27. Qxc4 Rec8
28. Rf3 Qg5 29. g3 Re8 30. Rb7 Qg4 31. Rf4 Qc8 32. Rb1 Na6 33. Rf6 Nc7 34. Rxd6
Qg4 35. Re1 a6 36. Rf6 Nxd5 37. Qxd5 1-0

[Event "28. Obert La Pobla de Lillet"]
[Site "La Pobla de Lillet ESP"]
[Date "2018.08.09"]
[Round "9.10"]
[White "Gonzalez Saguillo, Oriol"]
[Black "Menac Comas, Joan Ramon"]
[Result "1-0"]
[WhiteElo "2098"]
[BlackElo "2031"]
[PlyCount "113"]
[EventDate "2018.08.01"]
[EventType "swiss"]
[EventRounds "9"]
[EventCountry "ESP"]
[SourceTitle "Ajedrez en Madrid"]
[Source "lmi"]
[SourceDate "2018.08.01"]
[SourceVersion "1"]
[SourceVersionDate "2019.06.15"]
[SourceQuality "1"]

1. d4 g6 2. c4 Bg7 3. Nf3 c5 4. d5 d6 5. e4 Nf6 6. Nc3 O-O 7. Be2 b5 8. cxb5 a6
9. O-O axb5 10. Bxb5 Ba6 11. Re1 Qb6 12. a4 Nbd7 13. h3 Bxb5 14. Nxb5 Rfb8 15.
Bd2 Rb7 16. Bc3 Qa6 17. Nd2 c4 18. Nxc4 Nc5 19. b3 Ncxe4 20. Ba5 Rxb5 21. axb5
Qxb5 22. Bc3 Rb8 23. Ra5 Qb7 24. Bd4 h5 25. Ra7 Qxd5 26. Rxe7 Qf5 27. Qf3 d5
28. Qxf5 gxf5 29. Na5 Bf8 30. Rb7 Rc8 31. b4 Rc2 32. f3 Nd6 33. Rb8 Nd7 34. Rd8
Rd2 35. Nc6 Rxd4 36. Nxd4 Nb6 37. Nc6 Nbc4 38. Ne5 Kg7 39. Nxc4 Nxc4 40. Rxd5
Bxb4 41. Rb1 Ne3 42. Rd7 Bc5 43. Rbb7 Nc4+ 44. Kh1 Nd6 45. Rbc7 Ba3 46. Ra7 Bc5
47. Ra5 Bb4 48. Rd5 Ne8 49. Rxf5 Nf6 50. Rb7 Be1 51. Re5 Bf2 52. Ree7 h4 53.
Rxf7+ Kg6 54. Rxf6+ Kxf6 55. Rb5 Kg6 56. g4 hxg3 57. Kg2 1-0